| 000 | 01223nam a2200301 a 4500 | ||
|---|---|---|---|
| 001 | ebr10026392 | ||
| 003 | CaPaEBR | ||
| 006 | m u | ||
| 007 | cr cn||||||||| | ||
| 008 | 010612s2001 nyuad s 001 0 eng d | ||
| 020 | _z0471038342 (electronic bk.) | ||
| 040 |
_aCaPaEBR _cCaPaEBR |
||
| 035 | _a(OCoLC)559286255 | ||
| 050 | 1 | 4 |
_aHD4928.S742 _bU63 2001ebeb |
| 082 | 0 | 4 |
_a331.2/164 _221 |
| 100 | 1 | _aCurtis, Carol. | |
| 245 | 1 | 0 |
_aPay me in stock options _h[electronic resource] : _bmanage the options you have, win the options you want / _cCarol E. Curtis. |
| 260 |
_aNew York : _bJohn Wiley, _c2001. |
||
| 300 |
_axvi, 256 p. : _bill., charts. |
||
| 500 | _aIncludes index. | ||
| 533 |
_aElectronic reproduction. _bPalo Alto, Calif. : _cebrary, _d2013. _nAvailable via World Wide Web. _nAccess may be limited to ebrary affiliated libraries. |
||
| 650 | 0 |
_aEmployee stock options _zUnited States. |
|
| 650 | 0 |
_aIncentives in industry _zUnited States. |
|
| 650 | 0 |
_aCompensation management _zUnited States. |
|
| 655 | 7 |
_aElectronic books. _2local |
|
| 710 | 2 | _aebrary, Inc. | |
| 856 | 4 | 0 |
_uhttp://site.ebrary.com/lib/rucke/Doc?id=10026392 _zAn electronic book accessible through the World Wide Web; click to view |
| 999 |
_c8710 _d8710 |
||